<?xml version="1.0" encoding="UTF-8"?>
<marc:record xmlns:marc="http://www.loc.gov/MARC21/slim">
   <marc:leader>00000nam a2200000 a 4500</marc:leader>
   <marc:datafield ind1="1" ind2=" " tag="100">
      <marc:subfield code="a">Wokalek, Johanna</marc:subfield>
   </marc:datafield>
   <marc:datafield ind1="1" ind2=" " tag="100">
      <marc:subfield code="a">Ullmann, Kostja</marc:subfield>
   </marc:datafield>
   <marc:datafield ind1="1" ind2=" " tag="100">
      <marc:subfield code="a">Cox, Emily</marc:subfield>
   </marc:datafield>
   <marc:datafield ind1="1" ind2=" " tag="100">
      <marc:subfield code="a">Buck, Detlev</marc:subfield>
   </marc:datafield>
   <marc:datafield ind1="1" ind2=" " tag="100">
      <marc:subfield code="a">Wilson, Andrea</marc:subfield>
   </marc:datafield>
   <marc:datafield ind1=" " ind2=" " tag="653">
      <marc:subfield code="a">Hund</marc:subfield>
   </marc:datafield>
   <marc:datafield ind1=" " ind2=" " tag="653">
      <marc:subfield code="a">Liebe</marc:subfield>
   </marc:datafield>
   <marc:datafield ind1=" " ind2=" " tag="653">
      <marc:subfield code="a">Freundschaft</marc:subfield>
   </marc:datafield>
   <marc:datafield ind1=" " ind2=" " tag="653">
      <marc:subfield code="a">Romantik</marc:subfield>
   </marc:datafield>
   <marc:datafield ind1="0" ind2="0" tag="245">
      <marc:subfield code="a">Wuff [Bildtonträger]</marc:subfield>
   </marc:datafield>
   <marc:datafield ind1="0" ind2="0" tag="245">
      <marc:subfield code="c">Drehbuch: Andrea Wilson ; Regie: Detlev Buck ; Darsteller: Emily Cox, Kostja Ullmann, Johanna Wokalek</marc:subfield>
   </marc:datafield>
   <marc:datafield ind1=" " ind2="1" tag="264">
      <marc:subfield code="a">Berlin</marc:subfield>
      <marc:subfield code="b">DCM Film Distribution</marc:subfield>
      <marc:subfield code="c">2019</marc:subfield>
   </marc:datafield>
   <marc:datafield ind1="1" ind2=" " tag="520">
      <marc:subfield code="a">In mehreren Episoden wird das Leben der vier besten Freundinnen Ella, Cecile, Lulu und Silke gehörig auf den Kopf gestellt. Und dabei mischen die Hunde entscheidend mit: Ella wird von ihrem Freund verlassen und adoptiert den Mischling Bozer. Dieser bringt zwar ihren Alltag ordentlich durcheinander, führt sie aber auch gegen alle Widerstände in ein neues Glück. Cecile schlittert gerade in eine Ehekrise - doch dem sanftmütigen Hund Simpson gelingt es mit seiner Spürnase nicht nur für die Kinder da zu sein, sondern am Ende sogar den Familienfrieden zu retten. Und Katzenfreundin Lulu datet einen schrägen Hundeliebhaber - ein ziemlich heikles Unterfangen. Silke hingegen versteht sich als professionelle Hundetrainerin blendend mit den Vierbeinern, nur mit den Menschen hapert es - bis sie den Ex-Fußballer Olli kennenlernt. So finden Hunde und Menschen zueinander und machen WUFF zu einem großen Spaß, nicht nur für Hundefreunde!</marc:subfield>
   </marc:datafield>
   <marc:datafield ind1=" " ind2=" " tag="020">
      <marc:subfield code="a">4061229100809</marc:subfield>
      <marc:subfield code="9">4061229100809</marc:subfield>
   </marc:datafield>
   <marc:datafield ind1="3" ind2=" " tag="024">
      <marc:subfield code="a">4061229100809</marc:subfield>
   </marc:datafield>
   <marc:datafield ind1=" " ind2=" " tag="500">
      <marc:subfield code="a">Deutsch, Englisch. FSK ab 6 Jahren</marc:subfield>
   </marc:datafield>
   <marc:datafield ind1="0" ind2=" " tag="490">
      <marc:subfield code="v">0</marc:subfield>
   </marc:datafield>
   <marc:datafield ind1=" " ind2=" " tag="300">
      <marc:subfield code="a">1 DVD - Video (109 Minuten, PAL 2): farbig</marc:subfield>
   </marc:datafield>
</marc:record>
